| 000 | 01376nam a2200385 i 4500 | ||
|---|---|---|---|
| 003 | EG-ScBUE | ||
| 005 | 20240707093944.0 | ||
| 008 | 180422s1997 mx ab f bd 001 0 mul d | ||
| 020 | _a9687812451 | ||
| 040 |
_aEG-ScBUE _beng _erda _cEG-ScBUE _dEG-ScBUE |
||
| 041 | 1 |
_aspa _aeng _hspa |
|
| 043 | _an-mx--- | ||
| 082 | 0 | 4 |
_a972 _bDEM _222 |
| 245 | 0 | 0 |
_aDe México y de la humanidad = _bFrom Mexico and humanity / _cEduardo Corona-M [and three others] ; translation, David Castledine. |
| 246 | 3 | 1 | _aFrom Mexico and humanity |
| 250 | _aFirst edition. | ||
| 264 | 1 |
_aMéxico : _bCiencia y Cultura Latinoamérica, _c1997. |
|
| 300 |
_a201 pages, 3 unnumberd pages : _billustrations, maps ; _c28 cm |
||
| 336 |
_2rdacontent _atext _btxt |
||
| 337 |
_aunmediated _2rdamedia _bn |
||
| 338 |
_avolume _bnc _2rdacarrier |
||
| 500 | _a"Edición especial de Ciencia y Cultura Latinoamérica para AXA." | ||
| 500 | _aIncludes glossary. | ||
| 504 | _aIncludes bibliographical references and index. | ||
| 546 | _aText in Spanish and English. | ||
| 650 | _2BUEsh | ||
| 651 | 7 |
_aMexico _xCivilization _2BUEsh |
|
| 651 | 7 |
_aMexico _xAntiquities _2BUEsh |
|
| 653 |
_bGGEN _cApril2018 |
||
| 655 | _vReading book | ||
| 700 | 1 |
_aCorona-M, Eduardo, _eauthor. |
|
| 700 | 1 |
_aCastledine, David, _etranslator. |
|
| 942 |
_2ddc _cBB |
||
| 999 |
_c26564 _d26536 |
||